[Event "Thessaloniki Triandria op 2nd"]
[Site "Thessaloniki"]
[Date "2009.04.29"]
[Round "4"]
[White "Velchev, Hristo"]
[Black "Kounalakis, Evryklis"]
[Result "1/2-1/2"]
[WhiteElo "2284"]
[BlackElo "2090"]
[PlyCount "108"]
[EventDate "2009.04.27"]
[EventType "swiss"]
[EventRounds "9"]
[EventCountry "GRE"]
[SourceTitle "CBM 130 Extra"]
[Source "ChessBase"]
[SourceDate "2009.07.02"]
[SourceVersion "2"]
[SourceVersionDate "2009.07.15"]
[SourceQuality "1"]

1. e4 c6 2. d4 d5 3. Nc3 dxe4 4. Nxe4 Bf5 5. Ng3 Bg6 6. h4 h6 7. Nf3 Nd7 8. h5 Bh7 9. Bd3 Bxd3 10. Qxd3 e6 11. Bd2 Ngf6 12. 0-0-0 Be7 13. Ne4 0-0 14. Kb1 c5 15. dxc5 Nxc5 16. Nxc5 Bxc5 17. Ne5 Qxd3 18. Nxd3 Bd4 19. Ba5 Rfc8 20. Rh4 Bc5 21. Nxc5 Rxc5 22. Bc3 Rac8 23. Bxf6 gxf6 24. c3 R8c7 25. Rd8+ Kh7 26. Rf4 Rxh5 27. Rxf6 Re7 28. Rf3 Rg5 29. g3 Rf5 30. Rxf5 exf5 31. Kc2 Re2+ 32. Rd2 Rxd2+ 33. Kxd2 f4 34. Ke2 fxg3 35. fxg3 Kg6 36. Kf3 Kf5 37. c4 h5 38. b4 Ke5 39. Ke3 a6 40. a4 b6 41. Kd3 a5 42. c5 bxc5 43. bxa5 Kd5 44. a6 Kc6 45. Kc4 f5 46. a7 Kb7 47. Kxc5 f4 48. gxf4 h4 49. f5 h3 50. f6 h2 51. f7 h1Q 52. a8Q+ Kxa8 53. f8Q+ Ka7 54. Qf7+ Qb7 1/2-1/2

[Event "BUL-ch sf"]
[Site "Plovdiv"]
[Date "2009.01.31"]
[Round "9"]
[White "Velchev, Hristo"]
[Black "Yordanova, Svetla"]
[Result "1/2-1/2"]
[WhiteElo "2285"]
[BlackElo "2202"]
[PlyCount "80"]
[EventDate "2009.01.25"]
[EventType "swiss"]
[EventRounds "9"]
[EventCountry "BUL"]
[SourceTitle "CBM 128 Extra"]
[Source "ChessBase"]
[SourceDate "2009.03.05"]
[SourceVersion "2"]
[SourceVersionDate "2009.03.25"]
[SourceQuality "1"]

1. e4 c5 2. Nf3 d6 3. d4 cxd4 4. Nxd4 Nf6 5. Nc3 a6 6. Be3 e5 7. Nb3 Be6 8. f4 exf4 9. Bxf4 Nc6 10. Qe2 Be7 11. h3 0-0 12. 0-0-0 Qc7 13. g4 Ne5 14. Nd4 b5 15. Nf5 Rfe8 16. Nxe7+ Rxe7 17. Bg5 Bc4 18. Qe3 Re6 19. Bxf6 Rxf6 20. Bxc4 Qxc4 21. Qd4 h6 22. Nd5 Rf3 23. Ne7+ Kh7 24. Qxc4 Nxc4 25. b3 Ne5 26. Rxd6 Re3 27. Nc6 Rxe4 28. Nxe5 Rxe5 29. Rd7 Re2 30. Rf1 Rc8 31. Rfxf7 Rcxc2+ 32. Kd1 Rxa2 33. Rxg7+ Kh8 34. Rh7+ Kg8 35. Rdg7+ Kf8 36. Rc7 Rad2+ 37. Kc1 Kg8 38. Rhg7+ Kf8 39. Rh7 Kg8 40. Rhg7+ Kf8 1/2-1/2